<?xml version="1.0" encoding="UTF-8"?>
<record
    xmlns:xsi="http://www.w3.org/2001/XMLSchema-instance"
    xsi:schemaLocation="http://www.loc.gov/MARC21/slim http://www.loc.gov/standards/marcxml/schema/MARC21slim.xsd"
    xmlns="http://www.loc.gov/MARC21/slim">

  <leader>00793nam a2200157Ia 4500</leader>
  <controlfield tag="008">120720s9999    xx            000 0 und d</controlfield>
  <datafield tag="020" ind1=" " ind2=" ">
    <subfield code="a">968-424-035-0</subfield>
  </datafield>
  <datafield tag="050" ind1=" " ind2=" ">
    <subfield code="a">PQ 6013 .V3</subfield>
  </datafield>
  <datafield tag="100" ind1=" " ind2=" ">
    <subfield code="a">Vald&#xE9;s Becerril, Francisco</subfield>
  </datafield>
  <datafield tag="245" ind1=" " ind2=" ">
    <subfield code="a">Lengua y literatura espa&#xF1;olas Francisco Vald&#xE9;s Becerril, Leticia Herrera Cerecer, Ferm&#xED;n Estrella Guti&#xE9;rrez</subfield>
  </datafield>
  <datafield tag="260" ind1=" " ind2=" ">
    <subfield code="a">M&#xE9;xico : Kapelusz Mexicana, 1995</subfield>
  </datafield>
  <datafield tag="300" ind1=" " ind2=" ">
    <subfield code="a">xvi, 463 p. : 22 cm</subfield>
  </datafield>
  <datafield tag="500" ind1=" " ind2=" ">
    <subfield code="a">Texto para el primer curso de ense&#xF1;aza media ciclo superior (Bachillerato)</subfield>
  </datafield>
  <datafield tag="650" ind1=" " ind2=" ">
    <subfield code="a">1.  Espa&#xF1;ol -- Gram&#xE1;tica  2. Literatura espa&#xF1;ola -- Estudio y ense&#xF1;anza  3. Literatura espanola -- Estudio y ensenanza  4. Literatura hispanoamericana -- Estudio y ensenanza</subfield>
  </datafield>
  <datafield tag="700" ind1=" " ind2=" ">
    <subfield code="a">I. Herrera Cerecer, Leticia   II. Estrella Guti&#xE9;rrez, Ferm&#xED;n&#xCC;&#xCC;</subfield>
  </datafield>
  <datafield tag="952" ind1=" " ind2=" ">
    <subfield code="0">0</subfield>
    <subfield code="1">0</subfield>
    <subfield code="4">0</subfield>
    <subfield code="7">0</subfield>
    <subfield code="a">03</subfield>
    <subfield code="b">03</subfield>
    <subfield code="d">2001-05-15</subfield>
    <subfield code="l">1</subfield>
    <subfield code="o">PQ 6013 .V3</subfield>
    <subfield code="p">03 002921</subfield>
    <subfield code="r">2016-10-25</subfield>
    <subfield code="s">2016-10-25</subfield>
    <subfield code="t">1</subfield>
    <subfield code="w">2012-07-20</subfield>
    <subfield code="y">LB</subfield>
  </datafield>
  <datafield tag="999" ind1=" " ind2=" ">
    <subfield code="c">79879</subfield>
    <subfield code="d">79879</subfield>
  </datafield>
</record>
